| 000 | 00346nam a2200145Ia 4500 | ||
|---|---|---|---|
| 008 | 191201s2005 xx 000 0 und d | ||
| 082 |
_a621 _bRYE |
||
| 100 | _aRyder, John D | ||
| 245 | 0 | _aElectronic Fundamenatals and Applications | |
| 250 | _a5th | ||
| 260 |
_aN.Delhi _bPHI _c2005 |
||
| 300 | _a538 | ||
| 650 | _aB.Tech(ECE) | ||
| 942 |
_2ddc _cBK |
||
| 999 |
_c1857 _d1857 |
||